[Event "Daventry 4NCL Easter op-B 3rd"]
[Site "Daventry"]
[Date "2023.04.07"]
[Round "1"]
[White "Chan, Michelle Ngo Yu"]
[Black "Johnson, Richard J"]
[Result "1/2-1/2"]
[WhiteElo "1586"]
[BlackElo "1874"]
[PlyCount "35"]
[EventDate "2023.04.07"]
[EventType "swiss"]
[EventRounds "7"]
[EventCountry "ENG"]
[SourceTitle "EXT 2024"]
[Source "ChessBase"]
[SourceDate "2023.10.10"]
[SourceVersion "1"]
[SourceVersionDate "2023.10.10"]
[SourceQuality "1"]

1. e4 c5 2. Nf3 e6 3. d4 cxd4 4. Nxd4 a6 5. Bd3 Nf6 6. 0-0 Qc7 7. Qe2 d6 8. f4 Nbd7 9. Nc3 b5 10. a3 Bb7 11. Be3 Rc8 12. Rad1 Be7 13. Bf2 0-0 14. Bg3 Qc5 15. Bf2 Qc7 16. Bg3 Qc5 17. Bf2 Qc7 18. Bg3 1/2-1/2

[Event "Hampshire-chA"]
[Site "Fareham"]
[Date "2022.11.06"]
[Round "6"]
[White "Bezuidenhout, Roland Reinhold"]
[Black "Johnson, Richard J"]
[Result "1-0"]
[WhiteElo "2349"]
[BlackElo "1909"]
[PlyCount "67"]
[EventDate "2022.11.04"]
[EventType "swiss"]
[EventRounds "6"]
[EventCountry "ENG"]
[SourceTitle "EXT 2024"]
[Source "ChessBase"]
[SourceDate "2023.10.10"]
[SourceVersion "1"]
[SourceVersionDate "2023.10.10"]
[SourceQuality "1"]

1. e4 c5 2. Nf3 e6 3. g3 Nc6 4. Bg2 Qc7 5. 0-0 Nf6 6. Re1 d6 7. c3 Be7 8. d4 0-0 9. d5 Ne5 10. Nxe5 dxe5 11. c4 Bd7 12. Nc3 a6 13. a4 Rad8 14. Qe2 h6 15. Be3 Bd6 16. h3 exd5 17. cxd5 Ne8 18. Rec1 a5 19. Nb5 Bxb5 20. Qxb5 b6 21. h4 Qa7 22. Bh3 Nc7 23. Qe2 Na6 24. Bf5 Nb4 25. Qg4 Kh8 26. Qh5 g6 27. Qxh6+ Kg8 28. Bh3 Rfe8 29. h5 Bf8 30. Qg5 Rd6 31. Bf5 Qe7 32. Qg4 Qf6 33. hxg6 fxg6 34. Be6+ 1-0

[Event "Hampshire-chA"]
[Site "Fareham"]
[Date "2022.11.05"]
[Round "2"]
[White "Johnson, Richard J"]
[Black "Forbes, Garry"]
[Result "1/2-1/2"]
[WhiteElo "1909"]
[BlackElo "1937"]
[PlyCount "32"]
[EventDate "2022.11.04"]
[EventType "swiss"]
[EventRounds "6"]
[EventCountry "ENG"]
[SourceTitle "EXT 2024"]
[Source "ChessBase"]
[SourceDate "2023.10.10"]
[SourceVersion "1"]
[SourceVersionDate "2023.10.10"]
[SourceQuality "1"]

1. e4 d5 2. exd5 Nf6 3. Nc3 Nxd5 4. d4 Bf5 5. Bc4 e6 6. Nge2 Nb6 7. Bd3 Bxd3 8. Qxd3 Be7 9. 0-0 0-0 10. Bf4 Nd5 11. Nxd5 exd5 12. Rad1 Nd7 13. Ng3 g6 14. Rfe1 Bf6 15. Bh6 Bg7 16. Bxg7 Kxg7 1/2-1/2

[Event "Leamington Spa 4NCL op-B 28th"]
[Site "Leamington Spa"]
[Date "2022.07.10"]
[Round "4"]
[White "Jones, Gabriel"]
[Black "Johnson, Richard J"]
[Result "0-1"]
[WhiteElo "1501"]
[BlackElo "1886"]
[PlyCount "102"]
[EventDate "2022.07.08"]
[EventType "swiss"]
[EventRounds "5"]
[EventCountry "ENG"]
[SourceTitle "CBM 209 Extra"]
[Source "ChessBase"]
[SourceDate "2022.09.30"]
[SourceVersion "1"]
[SourceVersionDate "2022.09.30"]
[SourceQuality "1"]

1. e4 c5 2. Nf3 e6 3. d4 cxd4 4. Nxd4 a6 5. Nc3 Qc7 6. Be3 Nf6 7. a3 b5 8. f3 Bb7 9. Qd2 d5 10. exd5 Nxd5 11. Nxd5 Bxd5 12. Nb3 Bd6 13. Qf2 Nd7 14. Nd4 Nf6 15. Bd3 Bxh2 16. 0-0-0 Bf4 17. g4 0-0-0 18. a4 Bc4 19. Kb1 Bxe3 20. Qxe3 bxa4 21. Be4 Nd5 22. Qa3 Qb6 23. Bxd5 Rxd5 24. Qc3 Rc5 25. Ka1 Be2 26. Qa3 Bxd1 27. Rxd1 Rd8 28. Rd3 Rc4 29. Ne2 Rxc2 30. Rc3+ Rxc3 31. Nxc3 Qb3 32. Qc5+ Kb8 33. Qa5 Rc8 34. Qxa6 a3 35. Qd6+ Rc7 36. Qd8+ Kb7 37. Qd2 axb2+ 38. Qxb2 Rxc3 39. Qd2 Qa3+ 40. Kb1 Rb3+ 41. Kc2 Rb2+ 42. Kd1 Rxd2+ 43. Kxd2 Qxf3 44. Kc2 e5 45. g5 e4 46. g6 hxg6 47. Kb2 Qd3 48. Ka2 e3 49. Kb2 e2 50. Ka2 e1Q 51. Kb2 Qeb1# 0-1

[Event "BCF-chT4 0607 (4NCL)"]
[Site "Sunningdale"]
[Date "2007.02.10"]
[Round "5.5"]
[White "Murphy, Richard LW"]
[Black "Johnson, Richard J"]
[Result "0-1"]
[WhiteElo "1745"]
[BlackElo "2030"]
[PlyCount "84"]
[EventDate "2006.09.16"]
[EventType "team-tourn"]
[EventRounds "11"]
[EventCountry "ENG"]
[SourceTitle "EXT 2008"]
[Source "ChessBase"]
[SourceDate "2007.11.25"]
[SourceVersion "1"]
[SourceVersionDate "2007.11.25"]
[SourceQuality "1"]
[WhiteTeam "Braille Chess Association"]
[BlackTeam "Grendel's Mother"]
[WhiteTeamCountry "ENG"]
[BlackTeamCountry "ENG"]

1. e4 c5 2. Nf3 e6 3. d4 cxd4 4. Nxd4 a6 5. Bd3 Nf6 6. 0-0 Qc7 7. c4 Nc6 8. Nf3 d6 9. Nc3 Be7 10. Bg5 0-0 11. a3 b6 12. Qe2 Bb7 13. Rac1 Ne5 14. Rfe1 h6 15. Bh4 Ng6 16. Bg3 Nh5 17. Nd1 Rad8 18. Ne3 Nhf4 19. Qd2 Nxd3 20. Qxd3 Ne5 21. Nxe5 dxe5 22. Qc3 Bd6 23. f3 f5 24. exf5 exf5 25. Nd5 Bxd5 26. cxd5 Qxc3 27. Rxc3 Bc5+ 28. Kf1 Bd4 29. Rc6 Rxd5 30. b3 e4 31. fxe4 fxe4+ 32. Ke2 e3 33. Rd1 Rfd8 34. Rd3 a5 35. a4 Bc5 36. Rxd5 Rxd5 37. Re6 Rd2+ 38. Kf3 Rb2 39. Bf4 Rxb3 40. Bxe3 Ra3 41. Re4 Bxe3 42. Rxe3 Rxa4 0-1